Random process analysis with R (Record no. 36043)

MARC details
000 -LEADER
fixed length control field 00715 a2200241 4500
003 - CONTROL NUMBER IDENTIFIER
control field IN-BaIIA
005 - DATE AND TIME OF LATEST TRANSACTION
control field 20240325105356.0
008 - FIXED-LENGTH DATA ELEMENTS--GENERAL INFORMATION
fixed length control field 240321b |||||||| |||| 00| 0 eng d
020 ## - INTERNATIONAL STANDARD BOOK NUMBER
International Standard Book Number 978-0-19-886251-2
040 ## - CATALOGING SOURCE
Transcribing agency IIA Library
080 ## - UNIVERSAL DECIMAL CLASSIFICATION NUMBER
Universal Decimal Classification number 519.21
Item number BIT
100 ## - MAIN ENTRY--PERSONAL NAME
Personal name Bittelli, Marco
9 (RLIN) 49141
245 ## - TITLE STATEMENT
Title Random process analysis with R
Statement of responsibility, etc. by Marco Bittelli, Roberto Olmi and Rodolfo Rosa
260 ## - PUBLICATION, DISTRIBUTION, ETC.
Place of publication, distribution, etc. Oxford
Name of publisher, distributor, etc. Oxford University Press
Date of publication, distribution, etc. 2023
300 ## - PHYSICAL DESCRIPTION
Extent xi, 500p.
650 ## - SUBJECT ADDED ENTRY--TOPICAL TERM
Topical term or geographic name entry element Mathematics
9 (RLIN) 82
650 ## - SUBJECT ADDED ENTRY--TOPICAL TERM
Topical term or geographic name entry element Probability
9 (RLIN) 3440
650 ## - SUBJECT ADDED ENTRY--TOPICAL TERM
Topical term or geographic name entry element Statistics
650 ## - SUBJECT ADDED ENTRY--TOPICAL TERM
Topical term or geographic name entry element Stochastic Processes
9 (RLIN) 4970
700 ## - ADDED ENTRY--PERSONAL NAME
Personal name Olmi, Roberto
9 (RLIN) 49144
Relator term Author
700 ## - ADDED ENTRY--PERSONAL NAME
Personal name Rosa, Rodolfo
9 (RLIN) 49145
Relator term Author
942 ## - ADDED ENTRY ELEMENTS (KOHA)
Source of classification or shelving scheme Universal Decimal Classification
Koha item type Books
Holdings
Withdrawn status Lost status Source of classification or shelving scheme Damaged status Not for loan Home library Current library Shelving location Date acquired Source of acquisition Cost, normal purchase price Total Checkouts Full call number Barcode Date last seen Cost, replacement price Price effective from Koha item type
    Universal Decimal Classification     IIA Library-Bangalore IIA Library-Bangalore General Stacks 13/03/2024 78 8802.98   519.21/ BIT 20658 13/03/2024 7042.38 13/03/2024 Books

Powered by Koha